<?xml version="1.0" encoding="UTF-8"?>
<record
    xmlns:xsi="http://www.w3.org/2001/XMLSchema-instance"
    xsi:schemaLocation="http://www.loc.gov/MARC21/slim http://www.loc.gov/standards/marcxml/schema/MARC21slim.xsd"
    xmlns="http://www.loc.gov/MARC21/slim">

  <leader>00528nac a22001211u 4500</leader>
  <controlfield tag="008">080812s2000    ua|||||| |||  00| 0ara d </controlfield>
  <datafield tag="082" ind1=" " ind2=" ">
    <subfield code="a">003</subfield>
    <subfield code="b">&#x62C; &#x644; &#x627;</subfield>
  </datafield>
  <datafield tag="245" ind1=" " ind2=" ">
    <subfield code="a">&#x627;&#x644;&#x647;&#x64A;&#x648;&#x644;&#x64A;&#x629; &#x62A;&#x635;&#x646;&#x639; &#x639;&#x627;&#x645;&#x644; &#x62C;&#x62F;&#x64A;&#x62F;&#x627; /</subfield>
    <subfield code="c">&#x62A;&#x623;&#x644;&#x64A;&#x641; &#x62C;&#x64A;&#x645;&#x633; &#x62C;&#x644;&#x627;&#x64A;&#x643; ; &#x62A;&#x631;&#x62C;&#x645;&#x629; &#x639;&#x644;&#x64A; &#x64A;&#x648;&#x633;&#x641; &#x639;&#x644;&#x64A;</subfield>
  </datafield>
  <datafield tag="260" ind1=" " ind2=" ">
    <subfield code="a">&#x627;&#x644;&#x642;&#x627;&#x647;&#x631;&#x629; :</subfield>
    <subfield code="b">&#x627;&#x644;&#x645;&#x62C;&#x644;&#x633; &#x627;&#x644;&#x627;&#x639;&#x644;&#x64A; &#x644;&#x644;&#x62B;&#x642;&#x627;&#x641;&#x629; &#x60C; 2000.</subfield>
    <subfield code="c">2000.</subfield>
  </datafield>
  <datafield tag="300" ind1=" " ind2=" ">
    <subfield code="a">260 &#x635; :</subfield>
    <subfield code="b">&#x627; &#x64A;&#x636; &#x61B;</subfield>
    <subfield code="c">24 &#x633;&#x645;</subfield>
  </datafield>
  <datafield tag="500" ind1=" " ind2=" ">
    <subfield code="a">&#x62A;&#x631;&#x62C;&#x645;&#x629; &#x644;&#x643;&#x62A;&#x627;&#x628; " Chaos Making a New Science by James Gleick "</subfield>
  </datafield>
  <datafield tag="942" ind1=" " ind2=" ">
    <subfield code="c">BB</subfield>
    <subfield code="k">003 &#x62C; &#x644; &#x627;</subfield>
    <subfield code="2">ddc</subfield>
  </datafield>
  <datafield tag="999" ind1=" " ind2=" ">
    <subfield code="c">6605</subfield>
    <subfield code="d">6605</subfield>
  </datafield>
  <datafield tag="952" ind1=" " ind2=" ">
    <subfield code="0">0</subfield>
    <subfield code="1">0</subfield>
    <subfield code="2">ddc</subfield>
    <subfield code="4">0</subfield>
    <subfield code="7">0</subfield>
    <subfield code="8"> </subfield>
    <subfield code="a">MAIN</subfield>
    <subfield code="b">MAIN</subfield>
    <subfield code="c">LOW</subfield>
    <subfield code="d">2011-07-10</subfield>
    <subfield code="e">purchase</subfield>
    <subfield code="o">003 &#x62C; &#x644; &#x627;</subfield>
    <subfield code="p">000008083</subfield>
    <subfield code="r">2025-07-15 00:00:00</subfield>
    <subfield code="s">2009-05-11</subfield>
    <subfield code="y">BB</subfield>
  </datafield>
</record>
